Terror religioso, terror político / (Record no. 78743)

MARC details
000 -LEADER
campo de control de longitud fija 00742nam a2200241 i 4500
001 - NÚMERO DE CONTROL
campo de control 78743
003 - IDENTIFICADOR DE NÚMERO DE CONTROL
campo de control ES-MaACL
005 - FECHA Y HORA DE LA ÚLTIMA TRANSACCIÓN
campo de control 20250819165240.0
007 - CAMPO FIJO DE DESCRIPCIÓN FÍSICA--INFORMACIÓN GENERAL
campo de control de longitud fija t|
008 - DATOS DE LONGITUD FIJA--INFORMACIÓN GENERAL
campo de control de longitud fija 041015s1965 sp ||||1| spa d
100 1# - ENTRADA PRINCIPAL--NOMBRE DE PERSONA
Nombre de persona Heer, Friedrich.
9 (RLIN) 62306
245 10 - MENCIÓN DEL TÍTULO
Título Terror religioso, terror político /
Mención de responsabilidad, etc. Friedrich Heer ; [traducido al castellano por Aurora Otero].
250 ## - MENCION DE EDICION
Mención de edición 1ª ed.
260 ## - PUBLICACIÓN, DISTRIBUCIÓN, ETC.
Lugar de publicación, distribución, etc. Barcelona :
Nombre del editor, distribuidor, etc. Fontanella,
Fecha de publicación, distribución, etc. 1965.
300 ## - DESCRIPCIÓN FÍSICA
Extensión 163 p. ;
Dimensiones 19 cm.
490 1# - MENCIÓN DE SERIE
Mención de serie Pensamiento ;
Designación de volumen o secuencia 13
650 07 - PUNTO DE ACCESO ADICIONAL DE MATERIA--TÉRMINO DE MATERIA
Término de materia o nombre geográfico como elemento de entrada Totalitarismo
Fuente del encabezamiento o término embne
9 (RLIN) 17571
650 #7 - PUNTO DE ACCESO ADICIONAL DE MATERIA--TÉRMINO DE MATERIA
Término de materia o nombre geográfico como elemento de entrada Religión y política
Fuente del encabezamiento o término embne
9 (RLIN) 16813
700 1# - ENTRADA AGREGADA--NOMBRE PERSONAL
Nombre de persona Otero, Aurora.
9 (RLIN) 87878
830 1# - PUNTO DE ACCESO ADICIONAL DE SERIE-TÍTULO UNIFORME
Título uniforme Pensamiento ;
Designación de volumen o secuencia 13
9 (RLIN) 178722
852 ## - LOCALIZACIÓN
Ubicación ES-MaACL
Número de control de estantería C-28303
Holdings
Estatus retirado Estado de pérdida Estado de daño No para préstamo Biblioteca de origen Biblioteca actual Ubicación en estantería Fecha de adquisición Fuente de adquisición Total de préstamos Signatura topográfica completa Código de barras Visto por última vez Precio de reemplazo Tipo de ítem Koha
        Biblioteca del Ateneo de Madrid Biblioteca del Ateneo de Madrid Depósito 2 17/01/2008     C-28303 1082354 23/02/2023 23/02/2023 Libro impreso